000
00191 a2200097 4500
001
55511
100
_a
245
_a
sdsd
260
_a
232sd
_b
Yale university pre
_c
1
090
_c
34447
_d
34447
942
_a
NUST-CAE
_c
_c
27166
999
_c
290584
_d
290584